000 00466cam a2200193 4500
001 B1099
008 090401t1984 xxu||||| |||| 00| 0 eng d
035 _a(Sirsi) u42542
041 _aeng
050 _a333.337
110 _aDron and Wright
_91943
245 _aRent and rates (1984): a comparative study
260 _aLondon
_bDron and Wright
_c1984
300 _a(8) leaves ; 30cm.
350 _a0
650 _aOFFICES
942 _n0
948 _c04/03/1997
999 _c91149
_d91149